000 00552nam a22001697a 4500
008 160318b xxu||||| |||| 00| 0 eng d
020 _a978-971-9617-907
082 _22016
_aDFil 363.25
_bG16e
100 _912300
_aGarcia, Mario Baesa
245 _aEffective techniques in criminal investigation/
_cMario Baesa Garcia.
260 _aQuezon City:
_bWiseman's Books Trading, Inc.,
_cc2016.
300 _aii, 252 pages;
_c22 cm.
500 _aIncludes references.
650 0 _912301
_aCriminal investigation
365 _b398.00
_cPhp
942 _2ddc
_cDFIL
999 _c3694
_d3694